Statistics for Europe Capitals Mystery Route

Click here to take the quiz!

General Stats

  • This quiz has been taken 143 times
  • The average score is 13 of 16

Answers on the Map

Answers color-coded by a green-red scale on the quiz's map according to % correct below.
Loading ...
 

Answer Stats

#Capital% Correct
StartCopenhagen
100%
1Paris
98%
2Dublin
97%
4Madrid
91%
3Andorra la Vella
90%
5Athens
90%
6Chisinau
83%
7Bucharest
83%
8Sarajevo
80%
9Budapest
79%
10Prague
77%
11Riga
76%
12Stockholm
76%
13Moscow
76%
14Warsaw
73%
FinishKiev
73%

Score Distribution

Percentile by Number Answered

Percent of People with Each Score

Your Score History

You have not taken this quiz